000 03249nam a22006617a 4500
001 12202496
003 LIBRIS
005 20241031115753.0
008 110608s2012 xxua||||||||||001 0|eng|c
010 _a2010026810
016 7 _a101534065
_2DNLM
020 _a9781449624064
_qpbk.
020 _a1449624065
_qpbk.
020 _a9780763794651
_qpbk.
020 _a0763794651
_qpbk.
035 _a(OCoLC)645598119
_z(OCoLC)696718714
035 _a(OCoLC)ocn645598119
035 _aDAW20159211
040 _aDNLM/DLC
_cDLC
_dYDX
_dNLM
_dYDXCP
_dTVJ
_dBWX
_dWAU
_dEshe
_ea
041 _aeng
042 _apcc
050 0 0 _aRT81.5
_b.B82 2012
080 _a616-08
_bB-89
082 0 4 _a610.73
_222
084 _aV
_2kssb/8 (machine generated)
100 1 _aBrown, Sarah Jo
245 1 0 _aEvidence-based nursing :
_bthe research-practice connection /
_cSarah Jo Brown.
250 _a2nd edition
260 _aSudbury, MA :
_bJones & Bartlett Learning,
_c 2012
300 _ax, 429 s.
_bill.
_c23 cm.
340 _b23 cm.
504 _aIncludes bibliographical references and index.
505 8 _aThe research-practice connection -- Research evidence -- Reading research articles -- Qualitative research -- Descriptive research -- Correlational research -- Experimental research -- Cohort research -- Systematic reviews -- Evidence-based clinical practice guidelines -- Asking clinical questions -- Searching for research evidence -- Appraising research evidence -- Appraising recommendations of clinical practice guidelines -- Appraising conclusions of integrative research reviews -- Appraising findings of original studies -- Evidence-based practice -- Evidence-based practice participation scenarios -- Research-informed practice.
611 2 4 _aBestsk�v
650 0 _aEvidence-based nursing.
650 0 _aPatient Care
_9285
650 0 _aNursing
_xResearch
_xMethodology.
650 1 2 _aNursing Research
650 2 2 _aEvidence-Based Medicine
_xmethods
650 2 2 _aNursing Care
_xmethods
653 _aპაციენტის მოვლა
653 _aმტკიცებულებაზე დაფუძნებული პაციენტის მოვლა
653 _aპაციენტის მოვლის კვლევა
887 _a{"@id":"j2vwks5v50xsnvg","modified":"2016-12-09T10:43:17+01:00","checksum":"61506852090"}
_2librisxl
887 _a{"@id":"lqxc2rdr48xvr2q","modified":"2013-10-04T09:35:16+02:00","checksum":"24211371601"}
_2librisxl
887 _a{"@id":"z39nfxc406fcxx6","modified":"2012-10-30T15:53:52+01:00","checksum":"44188863150"}
_2librisxl
887 _a{"@id":"bgn0j6wh020xtrx","modified":"2012-09-27T13:49:28+02:00","checksum":"45370847479"}
_2librisxl
887 _a{"@id":"qv2d394w332dzj8","modified":"2011-09-30T14:08:59+02:00","checksum":"26381716909"}
_2librisxl
942 _2udc
_cBK
_e2
999 _c692
_d692